| 000 | 00856nam a2200253 a 4500 | ||
|---|---|---|---|
| 001 | BRCA_4789 | ||
| 005 | 20190320204816.0 | ||
| 008 | 960502s1995 sp-######b---#001-0#spa-# | ||
| 020 | _a8488333064 | ||
| 041 | _aspa | ||
| 044 | _asp | ||
| 050 | 4 |
_aPQ6351 _b.M37 1995 |
|
| 100 | 1 |
_aMárquez Villanueva, Francisco _912121 |
|
| 245 | 1 | 0 |
_aTrabajos y días cervantinos _cFrancisco Márquez Villanueva. |
| 260 |
_aAlcalá de Henares [Madrid] _bCentro de Estudios Cervantinos _c1995 |
||
| 300 |
_a362 p. _c22 cm. |
||
| 440 | 0 |
_aBiblioteca de Estudios Cervantinos _v2 _912122 |
|
| 500 | _aIncluye índice de nombres | ||
| 504 | _aIncluye referencias bibliográficas | ||
| 600 | 1 | 4 |
_aCervantes Saavedra, Miguel de _d1547-1616 _xCritíca e interpretación _912123 |
| 650 | 1 | 4 |
_aLiteratura moderna _xHistoria y crítica _912124 |
| 902 | _aCERV | ||
| 942 |
_2lcc _cB |
||
| 999 |
_c4486 _d4486 |
||